| 000 | 00550nam a2200181 a 4500 | ||
|---|---|---|---|
| 008 | 960304s1974 m yxo 0 slo c | ||
| 040 |
_aSNK _bslo _cSNK _eAACR2 |
||
| 041 | 1 |
_aslo _hger |
|
| 044 |
_axo _cSK |
||
| 100 | 1 |
_aDavid, Kurt _4aut |
|
| 245 | 1 | 0 |
_aStretnutie s nesmrteľnosťou _bKniha o Beethovenovi pre mladých _cKurt David ; Prel. Jana Šimulčíková |
| 246 | 1 | 0 | _aBegegnung mit der Unsterblichkeit |
| 260 |
_aBratislava _bOpus _c1974 |
||
| 300 | _a[2], 190, [3] s. | ||
| 700 | 1 |
_aŠimulčíková, Jana _4trl |
|
| 020 | _c29 | ||
| 958 | _aA | ||
| 999 |
_c10283 _d10283 |
||